Central Library OPAC University of Rajshahi

Hadith on economy / (Record no. 49917)

MARC details
000 -LEADER
fixed length control field 00813nam a2200265 a 4500
001 - CONTROL NUMBER
control field 49917
003 - CONTROL NUMBER IDENTIFIER
rucl marc code BD-RjUL
005 - DATE AND TIME OF LATEST TRANSACTION
control field 20211209075430.0
008 - FIXED-LENGTH DATA ELEMENTS--GENERAL INFORMATION
fixed length control field 160823s2008 ii ||||| b||| 001 0 eng d
020 ## - INTERNATIONAL STANDARD BOOK NUMBER
International Standard Book Number 8126131926
035 ## - SYSTEM CONTROL NUMBER
System control number (BD-RjUL)
040 ## - CATALOGING SOURCE
Original cataloging agency BD-RjUL
Language of cataloging eng
Transcribing agency BD-RjUL
041 ## - LANGUAGE CODE
Language code of text/sound track or separate title eng
082 ## - DEWEY DECIMAL CLASSIFICATION NUMBER
Edition number 23
Classification number 297.273
Author mark and year HAD 2008
245 00 - TITLE STATEMENT
Title Hadith on economy /
Statement of responsibility, etc. Mohammad Razi Khan Afridi
260 ## - PUBLICATION, DISTRIBUTION, ETC. (IMPRINT)
Place of publication, distribution, etc. New Delhi, India :
Name of publisher, distributor, etc. Anmol Publications,
Date of publication, distribution, etc. 2008.
300 ## - PHYSICAL DESCRIPTION
Pagination x, 308 p. ;
Size 25 cm
504 ## - BIBLIOGRAPHY, ETC. NOTE
Bibliography, etc Includes bibliography and index.
650 ## - SUBJECT ADDED ENTRY--TOPICAL TERM
Source of heading or term Hadith
General subdivision Criticism, interpretation, etc.
9 (RLIN) 149603
Topical term or geographic name as entry element Islam and economics
9 (RLIN) 124947
Topical term or geographic name as entry element Economics
General subdivision Religious aspects
-- Islam.
9 (RLIN) 117609
Topical term or geographic name as entry element Hadith
9 (RLIN) 149604
700 ## - ADDED ENTRY--PERSONAL NAME
Personal name Afridi, Mohammad Razi Khan
942 ## - ADDED ENTRY ELEMENTS (KOHA)
Source of classification or shelving scheme Dewey Decimal Classification
Koha item type Books
Holdings
Lost status Source of classification or shelving scheme Damaged status Not for loan Collection code Permanent Location Current Location Shelving location Date acquired Source of acquisition Cost, normal purchase price Total Checkouts Full call number Date last seen Copy number Koha item type
  Dewey Decimal Classification     Non-fiction Central Library, University of Rajshahi Central Library, University of Rajshahi   21/12/2010 Paragon Enterprise Ltd., Dhaka 3000.00   297.273 HAD 2008 23/08/2016 C-2 Books